000 00433nam a2200157Ia 4500
008 231217s9999 xx 000 0 und d
041 _aEnglish
082 _a001.642 GEA;9
100 _aGear, C William
245 0 _aComputer organization and programming: With an emphasis on the personal com....
250 _a4th ed.
260 _c1985
_bJohn Wiley
300 _axiii+413
650 _aComputer organization
942 _cAA
999 _c161878
_d161878